000 00596nam a22002177a 4500
999 _c458967
_d458967
001 216216951
003 UA-OsUOA
005 20200423111041.0
008 200423b un ||||| |||| 00| 0 ukr d
040 _aUA-OsUOA
_bukr
_cUA-OsUOA
_dUA-OsUOA
041 _aukr
080 _a821.161.2
090 _a821.161.2
_bК56
100 _aКовынька О
245 _aЧарівні місця на Ворсклі
_bгуморески
_cОлександр Ковінька
260 _aКиїв
_bДніпро
_c1968
300 _a280 с.
650 _2821
942 _2udc
_cBK
955 _a3